Loading...
Science - Physics | 0 | 6 | 0 | 0 | 60 | 79 | 98.17 | 4 | 6 |
Science - Biology | 0 | 5 | 1 | 0 | 45 | 69 | 96.60 | 0 | 5 |
Fine Arts - Classical Music | 0 | 4 | 1 | 0 | 35 | 78 | 98.50 | 1 | 4 |
Fine Arts - Painting & Sculpture | 0 | 4 | 1 | 0 | 35 | 85 | 111.50 | 2 | 3 |
Science - Chemistry | 0 | 4 | 2 | 0 | 30 | 86 | 101.50 | 2 | 4 |
Literature - British Literature | 0 | 3 | 1 | 0 | 25 | 108 | 130.00 | 1 | 3 |
Literature - European Literature | 0 | 3 | 1 | 0 | 25 | 97 | 121.00 | 0 | 2 |
History - American History | 0 | 2 | 0 | 0 | 20 | 93 | 106.50 | 0 | 1 |
History - World History | 0 | 2 | 0 | 0 | 20 | 96 | 113.00 | 0 | 1 |
Philosophy | 0 | 2 | 0 | 0 | 20 | 46 | 82.50 | 1 | 1 |
Literature - World Literature | 0 | 2 | 1 | 0 | 15 | 138 | 141.50 | 0 | 0 |
Religion | 0 | 2 | 2 | 0 | 10 | 123 | 133.00 | 0 | 0 |
History - European History | 0 | 1 | 0 | 0 | 10 | 127 | 127.00 | 0 | 0 |
Fine Arts - Other Fine Arts | 0 | 2 | 2 | 1 | 10 | 113 | 134.00 | 0 | 1 |
Mythology | 0 | 1 | 1 | 0 | 5 | 138 | 138.00 | 0 | 0 |
Literature - American Literature | 0 | 1 | 1 | 0 | 5 | 120 | 120.00 | 0 | 0 |
Social Science | 0 | 1 | 1 | 0 | 5 | 102 | 102.00 | 0 | 0 |
Science - Other Science | 0 | 1 | 2 | 0 | 0 | 101 | 101.00 | 0 | 1 |
Other | 0 | 0 | 1 | 0 | -5 | 0.00 | 0 | 0 | |
History - Other History | 0 | 0 | 1 | 0 | -5 | 0.00 | 0 | 0 |